000
00244nam a22000857a 4500
008
221212b ||||| |||| 00| 0 eng d
100
_a
Kehr, Ernest A.
245
_a
Philatelic Public Relations
650
_a
Public Relations | Dealers | Clubs | Exhibits
999
_c
3468
_d
3468